000 01401cam a22003857a 4500
003 CHAP
005 20220329142125.0
008 990824d1999 mx r 00110 spa d
010 _a78791
011 _a79763
035 _a90168
040 _cCHAP
090 _aTesis
100 0 0 _aPantaleón Paulino, Genáro.
_985129
245 1 0 _aPrincipales especies depredadoras de insectos de las familias :
_bCoccinellidae, Carabidae y Melyridae
_c/por Genáro Pantaleón Paulino
260 _aChapingo, Méx. :
_bEl autor,
_c1999.
300 _a129 h.
502 _aTesis (Ing. Agr. Esp. en Parasitología Agrícola) -- UACH. Departamento de Parasitología Agrícola
590 _aALEPH
_b10
_c20130110
_lUCH01
_h1430
590 _aBATCH-UPD
_b10
_c20130110
_lUCH01
_h0732
590 _aBATCH-UPD
_b10
_c20130110
_lUCH01
_h2358
590 _aBATCH-UPD
_b10
_c20130410
_lUCH01
_h0415
590 _aBATCH-UPD
_b10
_c20130914
_lUCH01
_h0902
590 _aCONVERSION
_b10
_c20130109
_lUCH01
_h1344
650 1 4 _aCarábidos.
_919258
650 1 4 _aCoccinélidos.
_924203
650 1 4 _aControl biológico de insectos.
_927582
650 1 4 _aMelyridae.
_974494
901 _aBK
905 _aAlejandra Carrasco M.
942 _cFOLL
949 _bBC
_cTES
_d33724000716379
_eTS2
_fc.2
_h34182
_i90168
_si
949 _bBC
_cTES
_d33724000752168
_eTS2
_fc.3
_h35565
_i90168
_si
949 _bBC
_cTES
_d901681
_eTS1
_h34181
_i90168
_sb
999 _c78791
_d78791